| 000 | 00555nam a2200193 a 4500 | ||
|---|---|---|---|
| 005 | 20260327064203.0 | ||
| 008 | 010621s2000 r 000 0 eng d | ||
| 020 | _a8483172097 | ||
| 035 | _aUPN01000108831 | ||
| 049 | _aCG | ||
| 050 | 4 |
_aLB2369 _bS2.3 |
|
| 100 | 1 | _aSánchez Tamés, Ricardo. | |
| 245 | 1 | 0 |
_aCómo publicar / _cRicardo Sánchez Tamés. |
| 260 |
_aOviedo, Esp. : _bUniversidad de Oviedo, _c2000. |
||
| 300 |
_a108 p. : _bil. |
||
| 650 | 4 |
_aRedacción de informes _912161 |
|
| 650 | 4 |
_aInvestigación _xMetodología _95209 |
|
| 905 | _aLibro | ||
| 999 |
_c82742 _d82742 |
||